Societas : International Institute for Real Estate Finance (Record no. 119863)

MARC details
000 -LEADER
fixed length control field 00763cam a2200181 4500
001 - CONTROL NUMBER
control field WS114288
008 - FIXED-LENGTH DATA ELEMENTS--GENERAL INFORMATION
fixed length control field 010822n 000 0 eng u
035 ## - SYSTEM CONTROL NUMBER
System control number (Sirsi) u114288
110 ## - MAIN ENTRY--CORPORATE NAME
Corporate name or jurisdiction name as entry element International Institute for Real Estate Finance
9 (RLIN) 4121
245 ## - TITLE STATEMENT
Title Societas : International Institute for Real Estate Finance
520 ## - SUMMARY, ETC.
Summary, etc. Web site which describes itself as 'the global knowledge centre for mortgage finance'. Includes links to abstracts from key journals and to the 'International Journal of Real Estate Finance'.
650 ## - SUBJECT ADDED ENTRY--TOPICAL TERM
Topical term or geographic name entry element INTERNATIONAL
650 ## - SUBJECT ADDED ENTRY--TOPICAL TERM
Topical term or geographic name entry element ORGANISATIONS
650 ## - SUBJECT ADDED ENTRY--TOPICAL TERM
Topical term or geographic name entry element MORTGAGES
690 ## - LOCAL SUBJECT ADDED ENTRY--TOPICAL TERM (OCLC, RLIN)
Topical term or geographic name as entry element FINANCE
856 40 - ELECTRONIC LOCATION AND ACCESS
Uniform Resource Identifier <a href="https://www.societasinternational.org">https://www.societasinternational.org</a>
Public note View the website free of charge at www.societasinternational.org...
942 ## - ADDED ENTRY ELEMENTS (KOHA)
Suppress in OPAC 0
Holdings
Withdrawn status Lost status Source of classification or shelving scheme Damaged status Not for loan Home library Current library Shelving location Date acquired Total Checkouts Full call number Barcode Date last seen Copy number Price effective from Koha item type
    Dewey Decimal Classification     Virtual Virtual Online 22/08/2001   WEB SITE 114288-2001 06/08/2019 1 06/08/2019 Online material